Número de cosas - Opción múltiple #2 - Estadísticas

Estadísticas generales
  • Esta prueba ha sido intentada 163 veces
  • La puntuación promedio es 6 de 12
Estadísticas de respuestas
Pregunta Respuesta % Correcto
¿Cuántos dálmatas tuvo Cruella de Vil? 101
100%
¿Cuántos jugadores en el campo por equipo de fútbol? 11
100%
¿Cuál es el número de 'La Bestia'? 666
100%
¿Cuántos días le tomó a Phileas Fogg viajar por el mundo? 80
93%
¿Cuántos países hay en Sudamérica? 12
73%
¿Cuál es la edad más peligrosa para una estrella de rock según una leyenda? 27
67%
¿Cuántos estados soviéticos había en la Unión Soviética? 15
40%
¿Cuántas esposas tuvo el profeta Mahoma? 11
27%
¿Cuántos años tienes para servir en la "Organización del Mar" (Sea Org) de Scientology de acuerdo con su contrato? 1,000,000,000,000
20%
¿Cuántos miembros hay en la Unión Europea? 28
20%
¿Cuántas personas viven en la Ciudad del Vaticano según la estimación de 2017? 1,000
7%
¿Cuál es el 'número mágico' (Magic Number) según De La Soul? 3
0%
No se encontraron pruebas coincidentes
Distribución de puntuación
Porcentaje de gente con cada puntuación
Porcentaje por número respondido
Historial de tus puntuaciones
No has intentado esta prueba.